| 000 | 00928nam a22001697a 4500 | ||
|---|---|---|---|
| 008 | 260504b ||||| |||| 00| 0 eng d | ||
| 082 | 0 | 4 | _a553.4959593 |
| 245 | 1 | 0 | _aRANCANGAN MALAYSIA KEDUA BELAS : PROJEK PENILAIAN POTENSI SUMBER UNSUR NADIR BUMI : PENILAIAN POTENSI SUMBER UNSUR NADIR BUMI DI KAWASAN FELDA ARING 8, GUA MUSANG, KELANTAN (KAJIAN SUSULAN) / Oleh : HASLIKHALIJAH BINTI DAUAD, MOHAMAD HAZIQ BIN SHAFEE |
| 250 | _aNO LAPORAN : JMG.KLT (REE) 01/2025 | ||
| 260 |
_aKota Bharu, Kelantan : _bJabatan Mineral dan Geosains Malaysia Kelantan, _c2025 |
||
| 300 |
_a58 pages : _bsome colour illustrations ; _c30 cm |
||
| 650 | 1 | 0 |
_xRare earth elements _zMalaysia _zKelantan _zGua Musang |
| 650 | 2 | 0 |
_xRare earth elements _xProspecting _zMalaysia _zKelantan |
| 650 | 2 | 0 |
_xMineral resources _zMalaysia _zKelantan _zGua Musang |
| 650 | 2 | 0 |
_xGeology _zMalaysia _zKelantan _zGua Musang |
| 942 |
_2ddc _e23 _h553.4959593 |
||
| 999 |
_c27244 _d27244 |
||